00535cam a22001937a 4500003000500000005001700005008004100022010001000063011001000073035001000083040000900093100002100102245005200123260009200175300000900267650002700276700001800303700002000321CHAP20220329135009.0971013s1968 r 00010 d a29253 a30225 a34337 cCHAP00aMcVaugh, Rogers.13aAn annotated glossary of botanical nomenclature aUtrecht, Netherlands :bInternational Bureau for Plant Taxonomy and Nomencalture,c1968 a31 p14aPlantasxNomenclatura.0 aRoss, Robert.0 aStafley, Frans.